000 01213cam a2200361 a 4500
001 4674
003 FISKH
005 20240920081146.0
008 920818s1994 nyua j 000 1 eng
010 _a 92029871
020 _a0060228873 :
020 _a0060228881 (lib. bdg.)
040 _aDLC
_cDLC
_dDLC
_beng
050 _aPZ7.M868
082 _a813.54
100 1 _aMozelle, Shirley.
245 1 0 _aZack's alligator goes to school /
_cby Shirley Mozelle ; pictures by James Watts.
250 _aThis edition published in 1998
260 _aOhio :
_bHarperCollins,
_c1994.
300 _a62 pages :
_bcolor illustrations ;
_c23 cm
440 3 _aAn I can read book
505 _aJ
520 _aBridget, an alligator keychain that grows into a full-sized creature when dunked in water, creates chaotic fun when Zack takes her to school for Show and Tell.
521 8 _a470
_bLexile
521 8 _aJ
_bRaz-Plus
650 1 _aShow-and-tell presentations
_xFiction.
650 1 _aAlligators
_xFiction.
650 1 _aSchools
_xFiction.
700 1 _aWatts, James,
_d1955-
_eillustrator
906 _a7
_bcbc
_corignew
_d1
_eocip
_f19
_gy-gencatlg
942 _2ddc
_cBK
_n0
999 _c4674
_d4674